Kalā aura kṛpāṇa. (Record no. 78075)

MARC details
000 -LEADER
fixed length control field 00532cam a22001931 4500
001 - CONTROL NUMBER
control field sa 68001602
003 - CONTROL NUMBER IDENTIFIER
control field DLC
005 - DATE AND TIME OF LATEST TRANSACTION
control field 20260227112435.0
008 - FIXED-LENGTH DATA ELEMENTS--GENERAL INFORMATION
fixed length control field 881102s1962 xx 000 0 hino
010 ## - LIBRARY OF CONGRESS CONTROL NUMBER
LC control number sa 68001602
035 ## - SYSTEM CONTROL NUMBER
System control number (OCoLC)23568779
040 ## - CATALOGING SOURCE
Original cataloging agency DLC
Transcribing agency MiU
Modifying agency DLC
050 00 - LIBRARY OF CONGRESS CALL NUMBER
Classification number PK2098.V33
Item number K3
100 1# - MAIN ENTRY--PERSONAL NAME
Personal name Varmā, Rāmakumāra,
Dates associated with a name 1905-1990.
245 10 - TITLE STATEMENT
Title Kalā aura kṛpāṇa.
260 ## - PUBLICATION, DISTRIBUTION, ETC.
Date of publication, distribution, etc. [1962]
300 ## - PHYSICAL DESCRIPTION
Extent 13, 86 p.
Other physical details map.
Dimensions 18 cm.
600 00 - SUBJECT ADDED ENTRY--PERSONAL NAME
Personal name Udayana,
Titles and other words associated with a name King of Udayagiri,
Dates associated with a name active 520 B.C.-493 B.C.
Form subdivision Drama.

No items available.

Powered by Koha